书目信息 |
| 题名: |
中央人民政府法令汇编
|
|
| 作者: | ;中央人民政府法制委员会 编 | |
| 分册: | 总编号:(6) | |
| 出版信息: | 北京 法律出版社 1958.04 |
|
| 页数: | 609页 | |
| 开本: | 22cm | |
| 丛书名: | ||
| 单 册: | ||
| 中图分类: | D920.9 | |
| 科图分类: | ||
| 主题词: | 法律--汇编--中国 | |
| 电子资源: | ||
| ISBN: | ||
| 000 | 00764nam0 2200217 45 | |
| 001 | 0504271025 | |
| 005 | 20050428144615.7 | |
| 010 | @b精装@dCNY2.50 | |
| 091 | @a6004.430 | |
| 100 | @a20050427d1958 km y0chiy0120 ea | |
| 101 | 0 | @achi |
| 105 | @a z 000yy | |
| 200 | 1 | @a中央人民政府法令汇编@AZhong Yang Ren Min Zheng Fu Fa Ling Hui Bian@e1957年7月-12月@E1957 Nian 7 Yue-12 Yue@h总编号:(6)@f中央人民政府法制委员会编@FZhong Yang Ren Min Zheng Fu Fa Zhi Wei Yuan Hui Bian |
| 210 | @a北京@c法律出版社@d1958.04 | |
| 215 | @a609页@d22cm | |
| 517 | @a1957年7月-12月@A1957 Nian 7 Yue-12 Yue | |
| 606 | 0 | @a法律@x汇编@x中国 |
| 690 | @aD920.9@v3 | |
| 711 | 02 | @a中央人民政府法制委员会@4编 |
| 801 | @aCN@bPftUser@c20050427 | |
| 905 | @dD920.9@e102:(1957:2)@f1@b162632 | |
| 中央人民政府法令汇编:1957年7月-12月.总编号:(6)/中央人民政府法制委员会编.-北京:法律出版社,1958.04 |
| 609页;22cm |
| ISBN (精装):CNY2.50 |
| ● |
| 相关链接 |
|
|
|
|
正题名:中央人民政府法令汇编
索取号:D920.9/102:(1957:2)
 
预约/预借
| 序号 | 登录号 | 条形码 | 馆藏地/架位号 | 状态 | 备注 |
| 1 | 0162632 | 001580391 | 密集书库/ [索取号:D920.9/102:(1957:2)] | 在馆 |